000 01590nam a2200277 a 4500
003 OSt
005 20210802155151.0
008 920117s1990 ck b 000 0 spa
020 _a958902193X
040 _aDLC
_cCO-JMCR
041 0 _aspa
082 0 4 _a346.861082 /
_bR412b
_223
100 1 _aRengifo, Ramiro,
_eautor
_915777
245 1 0 _aBancos comerciales y operaciones bancarias /
_cRamiro Rengifo.
250 _aPrimera edición
260 _aMedellín, Colombia :
_bEditorial Universidad de Antioquia,
_c1990.
300 _a289 páginas ;
_c24 cm.
490 0 _aErinia ;
_v1
504 _aBibliografía: páginas 284-289.
505 _aLos albores de la banca. -- La banca en Colombia. -- Diversos tipos de bancos. -- Banco comercial. -- El objeto social de los bancos. -- Las formas contractuales de las operaciones pasivas. -- Las formas contractuales de las operaciones pasivas. -- Las formas contractuales de las operaciones activas. -- Las formas contractuales de las operaciones neutras o de servicios. -- El capital inicial y el capital adecuado. -- Deberes de los bancos. -- Deberes de los bancos. -- Restricciones de los bancos. Los prestamos y sus bancos. -- Privilegios de los bancos. -- La liquidación de los bancos.
520 0 _aEl propósito de este libro es de proporcionar un texto en el cual se pueda encontrar una misión global del marco jurídico que rige la actividad bancaria en Colombia.
650 1 4 _aDerecho bancario
_zColombia.
_98990
650 2 4 _aActividad bancaria
_zColombia
_938997
650 2 4 _aBanca
_zColombia
_938879
942 _2ddc
_cBK
999 _c12084
_d12084